Normal view
MARC view
- Steel, Clare
Entry Personal Name
001 - CONTROL NUMBER
- control field: 82239
003 - CONTROL NUMBER IDENTIFIER
- control field: NUST
005 - DATE AND TIME OF LATEST TRANSACTION
- control field: 20210907114847.0
008 - FIXED-LENGTH DATA ELEMENTS
- fixed length control field: 210907|| aca||aabn | a|a d
040 ## - CATALOGING SOURCE
- Original cataloging agency: NUST
- Transcribing agency: NUST
100 ## - HEADING--PERSONAL NAME
- Personal name: Steel, Clare
670 ## - SOURCE DATA FOUND
- Source citation: Work cat.: (NUST): Steel, Clare, Step By Step Home Design And Decorating, 2012
